| 000 | 00808nam a2200217 a 4500 | ||
|---|---|---|---|
| 001 | 59603 | ||
| 003 | BD-RjUL | ||
| 005 | 20211209080741.0 | ||
| 008 | 161226s2001 bg ||||| |||| 00| 0 ben d | ||
| 035 | _a(BD-RjUL)59727 | ||
| 040 |
_aBD-RjUL _bben _cBD-RjUL _dBD-RjUL |
||
| 041 | _aben | ||
| 082 |
_223 _a344.049 _bISG 2001 |
||
| 100 |
_aইসলাম, মোঃ জহুরুল _9177265 |
||
| 245 | 1 | 0 |
_aগবাদী পশুর অনধিকার প্রবেশ আইন / _cমোঃ জহুরুল ইসলাম |
| 260 |
_aনোয়াখালী : _bআ. ফ. ম. মোর্শেদ এলাহী, _c২০০১ |
||
| 300 |
_a৬০ পৃ. ; _c২১ সেমি. |
||
| 650 |
_aপ্রাণী আইন _9177255 |
||
| 650 |
_aAnimal Law _9177256 |
||
| 942 |
_2ddc _cBK |
||
| 999 |
_c59603 _d59603 |
||